| 000 | 01129cam a22002773a 4500 | ||
|---|---|---|---|
| 001 | 10962 | ||
| 003 | PGUSA | ||
| 005 | 20140828083231.0 | ||
| 008 | 040201s2004||||xxu|||||s|||||000 | eng d | ||
| 040 |
_aPGUSA _beng |
||
| 042 | _adc | ||
| 050 | 4 | _aQL | |
| 050 | 4 | _aDS | |
| 100 | 1 |
_aAitken, Edward Hamilton, _d1851-1909 |
|
| 245 | 1 | 0 |
_aConcerning Animals and Other Matters _h[electronic resource] / _cEdward Hamilton Aitken |
| 260 |
_bProject Gutenberg, _c2004 |
||
| 505 | 0 | _aIntroduction: "Eha" -- Feet and hands -- Bills of birds -- Tails -- Noses -- Ears -- Tommy -- The barn owl -- Domestic animals -- Snakes -- The Indian snake-charmer -- Cures for snake-bite -- The cobra bungalow -- The panther I did not shoot -- The Purbhoo -- The coconut tree -- The betel nut -- A Hindu festival -- Indian poverty -- Borrowed Indian words. | |
| 506 | _aPublic domain in the USA. | ||
| 516 | _aElectronic text | ||
| 653 | _aAnimal behavior | ||
| 653 | _aIndia -- Social life and customs | ||
| 653 | _aNatural history | ||
| 830 | 0 |
_aProject Gutenberg _v10962 |
|
| 856 | 4 | 0 | _uhttp://www.gutenberg.org/ebooks/10962 |
| 942 | _cEB | ||
| 999 |
_c240217 _d240217 |
||